KRITICKÉ ZHODNOTENIE PREDNIZÓNOVEJ LIEČBY SCLEROSIS MULTIPLEX V POROVNANÍ S NIEKTORÝMI INÝMI TERAPEUTICKÝMI METÓDAMI

Bibliographic Details
Main Authors: Bartko, Daniel, 1929-2013 (Author), Böhmová, L. (Author)
Format: Article
Language:Slovak

MARC

LEADER 00000nab a2200000ua 4500
001 vtls010796162
003 SK-MaSNL
005 20260303123959.0
008 230214s1965 xo |||||||||||||||||slo|
035 |a (urnnbn)urn:nbn:sk:snk:ar-a037kz 
035 |a (uuid)1d9cb76e-c8b2-4643-9345-84ac6a2d852e 
035 |a urn:nbn:sk:snk-ab547e 
040 |a SNKBUCL  |b slo  |c SNKBUCL  |e AACR2 
041 0 |a slo 
044 |a xo  |c SK 
100 1 |a Bartko, Daniel,  |d 1929-2013  |4 aut  |9 203780 
245 1 0 |a KRITICKÉ ZHODNOTENIE PREDNIZÓNOVEJ LIEČBY SCLEROSIS MULTIPLEX V POROVNANÍ S NIEKTORÝMI INÝMI TERAPEUTICKÝMI METÓDAMI  |c D. Bartko, L. Böhmová 
700 1 |a Böhmová, L.  |4 aut  |9 1140328 
773 0 |t Bratislavské lekárske listy  |g Roč. 45, č. 1 (1965), s. 50-58 
954 |a odborná, vedecká literatúra pôvodná (slovenská)  |2 lita 
958 |a OND 
958 |a EUIPO 
958 |a article3 
999 |c 1928811  |d 1930741